| 000 | 00525nam a22001937a 4500 | ||
|---|---|---|---|
| 003 | OSt | ||
| 005 | 20191029062526.0 | ||
| 008 | 180309b xxu||||| |||| 00| 0 spa d | ||
| 020 | _a95052001044 | ||
| 040 | _cPJ | ||
| 100 |
_aTorré, Abelardo _979 |
||
| 245 | 1 | 0 |
_aIntroducción al derecho / _cAbelardo Torré. |
| 250 | _a10a. ed. act. | ||
| 260 |
_aBuenos Aires : _bPerrot, _c1991. |
||
| 300 | _a1029 p. | ||
| 650 |
_aDERECHO EN GENERAL _9209 |
||
| 650 | _aINTRODUCCION AL DERECHO | ||
| 942 |
_2udc _cLIB _h340.11 _iTOR |
||
| 999 |
_c72 _d72 |
||